Spaniards in the Top 100 ATP/WTA Rankings - Statistics

General Stats
  • This quiz has been taken 184 times
    16 since last reset
  • The average score is 4 of 7
Answer Stats
ATP/WTA # Birthplace Player % Correct
ATP 1 El Palmar Carlos Alcaraz
100%
ATP 17 Málaga Alejandro Davidovich Fokina
63%
WTA 100 New York City (USA) Paula Badosa
63%
ATP 89 Castellón de la Plana Roberto Bautista Agut
56%
WTA 30 Chișinău (Moldova) Cristina Bucșa
50%
ATP 35 Santanyí Jaume Munar
50%
WTA 48 Vilagarcía de Arousa Jéssica Bouzas Maneiro
31%
No matching quizzes found
Score Distribution
Percent of People with Each Score
Percentile by Number Answered
Your Score History
You have not taken this quiz since the last reset